01574naa#a2200253#i#4500001001600000005001700016011001400033100004100047102000700088200023900095210012500334215001000459606005700469608004500526675013200571686015500703686004100858686007700899686017500976700003801151700005801189700005201247856002101299RU\\bibl\11972820260428172157.2##a0235-2524##a20260407b2026####ek#y0rusy0150####ca##aRU1#aВерификация численного моделирования фильтрации грунтовой плотины на водопроницаемом наклонном основанииeЖурнальная статья1#aМоскваcАНО «Редакция журнала «Мелиорация и водное хозяйство»d2026##a5 с.##aСельское хозяйство. 35.06.012local##aЖурнальная статья2local##aМелиоративное строительство. Сельскохозяйственная гидротехника. 626.8##aСЕЛЬСКОЕ И ЛЕСНОЕ ХОЗЯЙСТВО. СЕЛЬСКОХОЗЯЙСТВЕННЫЕ И ЛЕСОХОЗЯЙСТВЕННЫЕ НАУКИ. 42bbk##aОбщие вопросы. 56402tbk##aСельскохозяйственная мелиорация. 56072tbk##aВодохозяйственное строительство. Гидротехнические и гидромелиоративные сооружения. 70.172grnti#1aХитровgЯков Ильич#1aКачаевgАлександр Евгеньевич#1aТурапинgСергей Сергеевич4#amivh.editorum.ru